000 01100nam a22003857a 4500
001 BR9000556
003 BR-BrBNA
005 20230928093348.0
007 ta
008 230509b bl.||||| |||| 00| 0 por d
040 _aBR-BrBNA
_bpor
_cBiblioteca Nacional de Agricultura
041 _a(Por)
072 _aP32; P31
090 _ P32 BR9000556
100 1 _aVieira, L.S.
100 1 _aSantos, P.C.T.C. dos
100 1 _aVieira, M. de N.F.
110 1 _aAssociacao Brasileira de Educacao Agricola Superior, Brasilia, DF (Brasil)
_9275
245 1 _aSolos propriedades, classificacao e manejo
260 3 _aBrasilia, DF (Brasil):
_c1988.
300 _a154 p.
500 _a22 tables; Bibliography p. 149-153 (60 ref.)
650 _aSOLO
650 _aCLASSIFICACAO DO SOLO
650 _aPERFIL DO SOLO
650 _aHORIZONTE
650 _aPROPRIEDADE FISICO-QUIMICA
650 _aAPTIDAO AGRICOLA
650 _aUSO DA TERRA
650 _aRECONHECIMENTO DO SOLO
650 _aCARTOGRAFIA
650 _aIRRIGACAO
909 _a202309
_bLucia
_c55
_dLucia Elande
942 _cBK
999 _c44551
_d44551